| 000 | 00554nam a2200145Ia 4500 | ||
|---|---|---|---|
| 008 | 151213s9999 xx 000 0 und d | ||
| 100 | _aমীর মোশাররফ হোসেন। | ||
| 245 |
_aবিষাদ সিন্দু। _cমীর মোশাররফ হোসেন। |
||
| 260 |
_aঢাকা _bসোলেমানিয়া বুক হাউস। _c2011 |
||
| 300 | _a10989 p. | ||
| 650 | _aBangla | ||
| 650 | _aইসলামী বই | ||
| 700 | _aমীর মোশাররফ হোসেন। | ||
| 999 |
_c4961 _d4961 |
||